| 000 | 00852cam a2200265 a 4500 | ||
|---|---|---|---|
| 001 | 3822438 | ||
| 003 | OSt | ||
| 005 | 20230703161544.0 | ||
| 008 | 850910s1985 ke b 000 0 eng | ||
| 010 | _a 85980420 | ||
| 040 |
_aDLC _cDLC _dDLC _dOCoLC |
||
| 043 |
_af------ _af-ke--- |
||
| 082 | 0 | 0 |
_a338.96 _bNDE |
| 100 | 1 | _aNdegwa, Philip. | |
| 245 | 1 | 0 | _aPhilip Ndegwa on Africa's development crisis and related international issues. |
| 260 |
_aNairobi : _bHeinemann Educational Books, _c1985. |
||
| 300 |
_a153 p. ; _c21 cm. |
||
| 504 | _aIncludes bibliographical references. | ||
| 650 | 0 | _aEconomic development. | |
| 651 | 0 |
_aAfrica _xEconomic policy. |
|
| 651 | 0 |
_aKenya _xEconomic policy. |
|
| 740 | 0 | _aAfrica's development crisis and related international issues. | |
| 906 |
_a7 _bcbc _corignew _d3 _encip _f19 _gy-gencatlg |
||
| 942 |
_2ddc _cBK |
||
| 999 |
_c3497 _d3497 |
||